Laboratorio General de Ensayos y Acondicionamiento
Descripción Física:
20 p. : il. ; 28 cm
MARC
| LEADER | 00000nam a2200000Ia 4500 | ||
|---|---|---|---|
| 001 | 8216 | ||
| 008 | 160829s1926 xx 000 0 cat d | ||
| 080 | |a RF-3-81 | ||
| 100 | |a Catalunya. Mancomunitat. Laboratori General d'Assaigs i Condicionament |9 24944 | ||
| 245 | |a Laboratorio General de Ensayos y Acondicionamiento | ||
| 260 | |a Barcelona : |b Diputación, |c 1926 | ||
| 300 | |a 20 p. : |b il. ; |c 28 cm | ||
| 590 | |a Abans del títol: Diputación Provincial de Barcelona. | ||
| 590 | |a Hi ha un altre exemplar a Q-441, exp. 5 | ||
| 650 | |a Laboratori General d'Assaigs i Condicionament |9 45230 | ||
| 710 | 1 | |a Barcelona (Catalunya : Província). |b Diputació |9 52408 | |
| 901 | |a Arxiu | ||
| 942 | |n 1 | ||
| 952 | |0 0 |1 0 |4 0 |6 RF381 |7 1 |9 54593 |a Arxiu |b Arxiu |d 2016-12-01 |l 0 |o RF-3-81 |p 8216 |r 2016-12-01 00:00:00 |w 2016-12-01 |y ARXIU | ||
| 999 | |c 58462 |d 58462 | ||